| 000 | 00378cam a2200145ua 4500 | ||
|---|---|---|---|
| 041 |
_aeng _h |
||
| 082 |
_a823.308 _bMAN/TA |
||
| 100 | _aManntuecifel, P . | ||
| 245 |
_aTales of a naturalist / _cP Manntucifel. _hTextual Documents |
||
| 260 |
_aMoscow : _bForeign Language Publishing House , _c1959. |
||
| 300 | _a150 ; . | ||
| 504 | _a | ||
| 942 | _cBK | ||
| 999 |
_c12426 _d12426 |
||